Illustrated Tales From Shakespeare / (Record no. 79402)
[ view plain ]
| 000 -LEADER | |
|---|---|
| fixed length control field | 00612nam a22001817a 4500 |
| 005 - DATE AND TIME OF LATEST TRANSACTION | |
| control field | 20140305152013.0 |
| 010 ## - LCCN (DPL NO) | |
| LC control number | B-520752-754 |
| 020 ## - INTERNATIONAL STANDARD BOOK NUMBER | |
| International Standard Book Number | 9788182526358 |
| Terms of availability | 379.00 |
| 035 ## - SYSTEM CONTROL NUMBER | |
| System control number | B-520752-754 |
| 037 ## - SOURCE OF ACQUISITION | |
| Source of stock number/acquisition | BBB/Ven |
| Stock number | dpl |
| 082 ## - DEWEY DECIMAL CLASSIFICATION NUMBER | |
| Classification number | S |
| 245 ## - TITLE STATEMENT | |
| Title | Illustrated Tales From Shakespeare / |
| 260 ## - PUBLICATION, DISTRIBUTION, ETC. (IMPRINT) | |
| Place of publication, distribution, etc | Mumbai |
| Name of publisher, distributor, etc | Wilco Publishing House |
| Date of publication, distribution, etc | 2012 |
| 270 ## - ADDRESS | |
| City | Mumbai |
| Telephone number | (91-22) 22041420 / 22842574 |
| Fax number | (91-22) 22041429 |
| Electronic mail address | wilco@vsnl.com |
| 300 ## - PHYSICAL DESCRIPTION | |
| Extent | various pages. : |
| Other physical details | col.ill. |
| Dimensions | 24cm(pbk) |
| 942 ## - ADDED ENTRY ELEMENTS (KOHA) | |
| Source of classification or shelving scheme | Dewey Decimal Classification |
| Item type | Children Books |
| Classification part | S |
| Call number suffix | SHA |
| Withdrawn status | Lost status | Not for loan | Collection code | Home library | Current library | Date acquired | Source of acquisition | Cost, normal purchase price | Full call number | Barcode | Copy number | Cost, replacement price | Koha item type |
|---|---|---|---|---|---|---|---|---|---|---|---|---|---|
| Fiction | Central Library | Central Library | 05/03/2014 | BBB/IN1417/21.03/2013/202/20.03.2013/28.03.2013 | 379.00 | S SHA | B-520752 | 1 | 379.00 | Children Books | |||
| Fiction | Janak Puri | Janak Puri | 05/03/2014 | BBB/IN1417/21.03/2013/202/20.03.2013/28.03.2013 | 379.00 | S SHA | B-520754 | 1 | 379.00 | Children Books | |||
| Fiction | Patel Nagar | Patel Nagar | 05/03/2014 | BBB/IN1417/21.03/2013/202/20.03.2013/28.03.2013 | 379.00 | S SHA | B-520753 | 1 | 379.00 | Children Books |
